000 00365 a2200157 4500
001 154569
040 _cEscola São Tomás de Aquino
100 _aCRUZ, Therezinha M. L. da
240 1 0 _aDescobrindo novos caminhos 7
_lpor
245 1 0 _aDescobrindo novos caminhos 7
300 _a158
362 0 _a2006
440 1 _aFTD
697 _aRELIGIÃO
942 _cBK
999 _c154569
_d154569